000
00263nam a2200109Ia 4500
001
1268545
005
20260417145252.0
008
260417s9999 xx 000 0 und d
020
_a
9786256910089
245
0
_a
Ara Güler
_c
Beliz Yüksel
260
_b
Ketebe Çocuk
999
_c
1268545
_d
1268545